00535 2200169 4500001002100000005001700021008004100038035002400079082001400103090002000117100001900137245004200156260010700198300002000305650003000325990001000355YOGYA-0512000000075220120529183446.0 ind  0010-051200000000752 a899.22161 a899.22161 Eka W aEKAJATI, Edi S aWawacan BandungsaribEdi S. Ekadjati. aJakartabDepartemen Pendidikan dan Kebudayaan Proyek Penerbitan Buku Sastra Indonesia dan Daerahc1985 a184 hlm.c21 cm aKesusastraan daerah-Sunda a568-A